Helping skills for counselors and health professionals : building culturally competent relationships / Stephanie S. J. Drcar, Kathryn C. MacClusie and Dakota King-White. (Record no. 22345)

000 -LEADER
fixed length control field 00815nam a22002057a 4500
020 ## - INTERNATIONAL STANDARD BOOK NUMBER
ISBN 9781032108841
082 ## - DEWEY DECIMAL CLASSIFICATION NUMBER
Classification number 158.3
Item number D769h 2024
100 ## - MAIN ENTRY--AUTHOR NAME
Personal name Drcar, Stephanie S.J.,author.
245 ## - TITLE STATEMENT
Title Helping skills for counselors and health professionals : building culturally competent relationships / Stephanie S. J. Drcar, Kathryn C. MacClusie and Dakota King-White.
260 ## - PUBLICATION, DISTRIBUTION, ETC. (IMPRINT)
Place of publication New York, NY :
Name of publisher Routledge,
Year of publication c2024.
300 ## - PHYSICAL DESCRIPTION
Number of Pages 1 online resource, xiii, 239 pages :
Other physical details illustrations.
490 ## - SERIES STATEMENT
Series statement Routlege counseling and health professions series.
500 ## - GENERAL NOTE
General note Includes bibliographical reference and index.
650 ## - SUBJECT ADDED ENTRY--TOPICAL TERM
Topical Term Counseling.
650 ## - SUBJECT ADDED ENTRY--TOPICAL TERM
Topical Term Councelor and client.
650 ## - SUBJECT ADDED ENTRY--TOPICAL TERM
Topical Term Health communication.
700 ## - ADDED ENTRY--PERSONAL NAME
Personal name MacClusie, Kathryn C.,author
700 ## - ADDED ENTRY--PERSONAL NAME
Personal name King-White, Dakota ,author
942 ## - ADDED ENTRY ELEMENTS (KOHA)
Koha item type Electronic Books
Holdings
Source of acquisition Permanent Location Date acquired Collection code Koha item type Lost status Shelving location Withdrawn status Current Location Full call number
DonationCagayan State University - Carig Library2026-04-15E-BooksElectronic Books E-Resource Section Cagayan State University - Carig Library158.3 D769h 2024

Cagayan State University University Library, Carig Campus
Tuguegarao City, Cagayan 3500 | www.csucarig.edu.ph

Powered by Koha